| 000 | 00720nam a2200217Ii 4500 | ||
|---|---|---|---|
| 003 | JO-AjNU | ||
| 008 | 230606s9999||||xx |||||||||||||| ||und|| | ||
| 020 | _a0-471-05592-1 | ||
| 040 |
_aJO-AjNU _beng _erda _cJO-AjNU |
||
| 041 | _aeng | ||
| 050 | 1 | 4 | _aHF5679.W523 1997 |
| 100 | 3 |
_aWilkinson,Joseph W / Cerullo,Michael J, _eauthor _93225 |
|
| 245 | 0 | 0 | _aAccounting Information Systems : Essential Concepts and Applications |
| 250 | _a3 ed | ||
| 264 | 3 | 1 | _aNew York: John Wiley andSons inc,1997 |
| 300 |
_a984p _bIncludes appendix indexes(p943-984) |
||
| 336 |
_atext _btxt _2rdacontent |
||
| 337 |
_aunmediated _bn _2rdamedia |
||
| 338 |
_avolume _bnc _2rdacarrier |
||
| 650 | 4 |
_aAccounting Information Systems _93226 |
|
| 999 |
_aE1688 _c1688 _d1688 |
||